| 000 | 00460nam a22001697a 4500 | ||
|---|---|---|---|
| 003 | AR-RoUNCS | ||
| 005 | 20250925100444.0 | ||
| 008 | 250925t2020 ag |||||r|||| 001 0 spa d | ||
| 020 | _a978-987-516-054-5 | ||
| 040 |
_cAR-RoUNCS _aAR-RoUNCS |
||
| 080 | _0(038)=134.2 | ||
| 245 | 0 | 0 | _aDiccionario escolar de la lengua. |
| 260 |
_aBuenos Aires : _bSky Producciones, _c2020. |
||
| 300 |
_a128 p. ; _c14 cm. |
||
| 650 | 4 |
_aESPAÑOL _vDICCIONARIOS |
|
| 942 |
_2udc _cOG _n0 |
||
| 999 |
_c614 _d614 |
||